| 000 | 00589nam a2200193 a 4500 | ||
|---|---|---|---|
| 005 | 20231115063551.0 | ||
| 008 | 991125s1976 mx 000 0 spa u | ||
| 035 | _aUPN01000016931 | ||
| 049 | _aCG | ||
| 050 | 4 |
_aHB74 S6 _bL3.38 |
|
| 100 | 1 |
_aLange, Oskar, _d1904-1965 _928941 |
|
| 245 | 1 | 3 |
_aLa economía en las sociedades modernas / _cOskar Lange ; tr. Mireia Bofill. |
| 260 |
_aMéxico : _bGrijalbo, _c1976. |
||
| 300 | _a290 p. | ||
| 440 | 0 |
_aTeoría y práxis ; _v17 |
|
| 650 | 4 |
_aCIENCIA - _xFILOSOFIA - _xHISTORIA _95803 |
|
| 650 | 4 |
_aMaterialismo dialéctico _94555 |
|
| 905 | _aLibro | ||
| 999 |
_c16931 _d16931 |
||